Wolf In Sheeps Clothing (All Lyrics) - Statistics

General Stats
  • This quiz has been taken 76 times
  • The average score is 271 of 337
Answer Stats
Answer % Correct
A
98%
I
98%
In
98%
Sheep
98%
Who
98%
Clothing
95%
Sheep's
95%
The
95%
Wolf
95%
Are
90%
Be
90%
Hell
90%
Is
90%
So
90%
Thinking
90%
You
90%
Your
90%
All
88%
Black
88%
Could
88%
Have
88%
How
88%
Me
88%
More
88%
Of
88%
On
88%
Tell
88%
Than
88%
What
88%
Will
88%
You're
88%
And
85%
But
85%
Come
85%
Easy
85%
Lies
85%
Like
85%
My
85%
No
85%
Pay
85%
Sleeping
85%
Warning
85%
Yourself
85%
Any
83%
By
83%
Collect
83%
Day
83%
Debt
83%
Fo
83%
Jack
83%
Nature
83%
One
83%
Only
83%
Sir
83%
Soul
83%
To
83%
Way
83%
Words
83%
Gonna
80%
Her
80%
Justify
80%
Mark
80%
Morals
80%
Quick
80%
Second
80%
Would
80%
Am
78%
Baa
78%
Beware
78%
Fi
78%
Gold
78%
Karma's
78%
Little
78%
See
78%
You'll
78%
Burn
76%
If
76%
Jill
76%
Listen
76%
Natural
76%
Show
76%
Smiles
76%
Telling
76%
Fum
73%
Kill
73%
Maybe
73%
Nimble
73%
Skeptical
73%
Tricks
73%
Always
71%
Better
71%
Did
71%
Jill's
71%
Kidding
71%
Over
71%
Run
71%
Start
71%
Whore
71%
Again
68%
Coward
68%
Hide
68%
It's
68%
Plated
68%
Quite
68%
Slick
68%
Smell
68%
Alibis
66%
Change
66%
Leave
66%
Petty
66%
Piece
66%
Problem
66%
That
66%
Their
66%
Anew
63%
Depend
63%
Dying
63%
Everyone
63%
People
63%
Said
63%
Shit
63%
With
63%
You've
63%
Been
61%
Blood
61%
Criminal
61%
Ditch
61%
Fee
61%
Here
61%
Huge
61%
Prey
61%
Ways
61%
Wicked
61%
Wrongs
61%
Amends
59%
Fifty
59%
Filthy
59%
Having
59%
Make
59%
Stalk
59%
States
59%
Abandon
56%
Into
56%
Lethal
56%
Mentality
56%
Not
56%
Sink
56%
Aware
54%
Let's
54%
Now
54%
Teeth
54%
Deceit
51%
Get
51%
Infecting
51%
Lonely
51%
Overzealous
51%
Frowned
49%
God
49%
Dirty
39%
No matching quizzes found
Score Distribution
Percent of People with Each Score
Percentile by Number Answered
Your Score History
You have not taken this quiz